00353 a2200145 4500003000400000005001700004008004100021020001800062040000900080082002100089100001600110245003400126260003900160300000800199OSt20231218113038.0231218b |||||||| |||| 00| 0 eng d a9788170554486 coclc a891.43917bKAM/N aKamal, Arun aNAYE ILAKE MEIN /cArun Kamal aNew Delhi:bVani Prakashan,c2020. a96p